| 000 | 00606nam a2200229Ia 4500 | ||
|---|---|---|---|
| 003 | OSt | ||
| 005 | 20220918223437.0 | ||
| 006 | a|||||r|||| 00| 0 | ||
| 007 | ta | ||
| 008 | 220917b |||||||| |||| 00| 0 eng d | ||
| 024 | _a222,656 | ||
| 037 | _cTextual | ||
| 040 |
_aARTS _cARTS _beng |
||
| 041 |
_2eng _aeng |
||
| 082 | _aR39N, P1;P5 | ||
| 100 |
_aSim Stuart Ed. _917155 |
||
| 245 | 0 | _aThe routledge companion to postmodernism | |
| 260 |
_aLondon _bRoutledge _c2005 |
||
| 300 |
_axiv,349p. _ccm. |
||
| 942 |
_hR39N, P1;P5 _cTEXL _2CC |
||
| 999 |
_c278462 _d278462 |
||